[Event "Sub-zt 2.3.2"]
[Site "Managua NCA"]
[Date "2001.07.02"]
[Round "3"]
[White "Urbina,R"]
[Black "Guevara Sanchez,E"]
[Result "1-0"]
[WhiteElo "2279"]
[BlackElo "2196"]

1.e4 d5 2.exd5 Qxd5 3.Nc3 Qd6 4.d4 a6 5.Bc4 Nf6 6.Nge2 Qc6 7.Qd3 Qxg2 8.Rg1 Qxh2
9.Bf4 Qh3 10.Ng3 Qg4 11.Bxc7 Nc6 12.Nge2 Qd7 13.Bb6 Nb4 14.Qd2 g6 15.Bb3 Bg7
16.Ba4 Nc6 17.d5 O-O 18.dxc6 Qf5 19.c7 Ng4 20.O-O-O Bh6 21.f4 e5 22.Nd5 Kh8
23.Bc5 Be6 24.Bxf8 Rxf8 25.Kb1 Qe4 26.Ndc3 Qf5 27.Bd7 exf4 28.Bxe6 fxe6 29.Qd7 Ne5
30.c8=Q Nxd7 31.Qxd7 g5 32.Nd4  1-0

[Event "Open"]
[Site "Karvina CZE"]
[Date "2001.07.03"]
[Round "4"]
[White "Olsar,J"]
[Black "Hasangatin,R"]
[Result "0-1"]
[WhiteElo "2334"]
[BlackElo "2463"]

1.e4 d5 2.exd5 Qxd5 3.Nc3 Qd6 4.d4 Nf6 5.h3 a6 6.Nf3 Nbd7 7.Bd3 c5 8.Be2 e6
9.Be3 cxd4 10.Qxd4 Qc6 11.O-O Bc5 12.Qd2 Bb4 13.Bd4 O-O 14.Bd3 Be7 15.Rfe1 Nc5
16.Ne5 Qc7 17.Be2 b5 18.Bf3 Bb7 19.Bxb7 Nxb7 20.Ne4 Nxe4 21.Rxe4 f6 22.Nf3 e5
23.Bc3 Rad8 24.Qe1 Rd5 25.Re2 Rfd8 26.Rc1 R5d7 27.Rd2 Rxd2 28.Bxd2 Qc6 29.Bb4 Bxb4
30.Qxb4 Nc5 31.Re1 Qd5 32.Re2 Qd1+ 33.Qe1 Na4 34.c3 Qxe1+ 35.Nxe1 Rd1 36.Kh2 Kf7
37.Kg3 Ke6 38.f4 Nxb2 39.fxe5 fxe5 40.Nf3 Nc4 41.Ng5+ Kd5 42.Ne4 Rd3+ 43.Kf2 Nd6  0-1

[Event "Open"]
[Site "Karvina CZE"]
[Date "2001.07.04"]
[Round "5"]
[White "Sumaneev,D"]
[Black "Nedela,V"]
[Result "1-0"]
[WhiteElo "2452"]
[BlackElo "2385"]

1.e4 d5 2.exd5 Qxd5 3.Nc3 Qd6 4.d4 c6 5.Nf3 Bg4 6.Be3 Nf6 7.h3 Bh5 8.g4 Bg6
9.Ne5 Nbd7 10.Nc4 Qc7 11.Qf3 Nb6 12.Bf4 Qd8 13.O-O-O Nbd5 14.Ne5 e6 15.h4 Nxc3
16.Qxc3 Be4 17.Rh3 h5 18.g5 Nd5 19.Qd2 Bb4 20.c3 Bd6 21.Bd3 Bxd3 22.Rxd3 Nxf4
23.Qxf4 Qc7 24.Qf3 O-O-O 25.Qxf7 Rhf8 26.Qxe6+ Kb8 27.f3 Rfe8 28.Qg6 Bxe5
29.dxe5 Rxd3 30.Rxd3 Qxe5 31.a3  1-0

[Event "Open"]
[Site "Andorra AND"]
[Date "2001.07.05"]
[Round "6"]
[White "Bhat,V"]
[Black "Lopez Martinez,JM"]
[Result "0-1"]
[WhiteElo "2403"]
[BlackElo "2445"]

1.e4 d5 2.exd5 Qxd5 3.Nc3 Qd8 4.d4 Nf6 5.Nf3 c6 6.Bc4 Bf5 7.Ne5 e6 8.g4 Bg6
9.h4 Bb4 10.Rh3 Nbd7 11.Qe2 Nb6 12.h5 Be4 13.Bf4 Nxc4 14.Qxc4 Bxc3+ 15.Qxc3 Nd5
16.Qd2 Bxc2 17.Rc1 Ba4 18.h6 g6 19.Nc4 O-O 20.Bd6 Re8 21.Ba3 e5 22.dxe5 Bb5
23.b3 Bxc4 24.bxc4 Rxe5+ 25.Kd1 Nf4 26.Rf3 Re2 27.Qd6 Qa5 28.Rcc3 Rd8 29.Rxf4 Rxd6+
30.Bxd6 Qxc3 31.Kxe2 Qc2+ 32.Ke1 f5 33.gxf5 gxf5 34.c5 Kf7 35.Rf3 Ke6 36.Kf1 Qb1+
37.Kg2 Qe4 38.Bf4 Kd5 39.Kg3 Kxc5 40.Re3 Qb1 41.Re7 Qg1+ 42.Kf3 Qd1+ 43.Kg2 Qg4+
44.Bg3 f4 45.Rg7 f3+ 46.Kg1 Qf5 47.Bb8 a5 48.Kh2 Qh5+ 49.Kg3 Qxh6 50.Rxb7 Qh1
51.Rf7 Qg2+  0-1

[Event "Open"]
[Site "Andorra AND"]
[Date "2001.07.07"]
[Round "8"]
[White "Baklan,V"]
[Black "Lopez Martinez,JM"]
[Result "1/2-1/2"]
[WhiteElo "2613"]
[BlackElo "2445"]

1.e4 d5 2.exd5 Qxd5 3.Nc3 Qd8 4.d4 Nf6 5.Bg5 c6 6.Qd2 Bf5 7.Nge2 e6 8.Ng3 Bg6
9.Nce2 Nbd7 10.O-O-O Bd6 11.h4 h6 12.Bf4 Be7 13.Nc3 Qa5 14.Bd3 Bxd3 15.Qxd3 O-O-O
16.Kb1 g6 17.Nge4 Nxe4 18.Nxe4 Nf6 19.Be5 Nxe4 20.Qxe4 Rhe8 21.Qf3 f5 22.c4 Rd7
23.h5 g5 24.Rhe1 Qd8 25.d5 exd5 26.Qxf5 dxc4 27.Bg3 Rf8 28.Qe6 Bb4 29.Re4 Ba5
30.Rxc4 Rf6 31.Qg4 Bc7 32.Rcd4 Rf7 33.Qe6 Bxg3 34.fxg3 Re7 35.Rxd7 Rxd7 36.a3 Kc7
37.Qe5+ Kc8 38.Qf5 Kc7 39.Qe5+ Kc8 40.Qf5 Kc7 41.Qe5+ Kc8 42.Qf5 Kc7  1/2-1/2

[Event "6th Leg Russian Cup"]
[Site "Tomsk RUS"]
[Date "2001.07.07"]
[Round "8"]
[White "Salinnikov,D"]
[Black "Malchikov,A"]
[Result "1-0"]
[WhiteElo "2343"]
[BlackElo "2172"]

1.e4 d5 2.exd5 Qxd5 3.Nc3 Qd6 4.d4 Nf6 5.Nf3 a6 6.Be2 e6 7.Bg5 Nbd7 8.Qd2 b5
9.a3 Be7 10.O-O Bb7 11.Rad1 O-O 12.h3 Rfd8 13.Qe3 Nd5 14.Nxd5 Bxg5 15.Nxg5 Bxd5
16.Ne4 Qc6 17.Bd3 f5 18.Ng5 Bxg2 19.Qxe6+ Qxe6 20.Nxe6 Bxf1 21.Kxf1 Rdc8
22.Bxf5 g6 23.Be4 c6 24.Nc5 Nxc5 25.dxc5 Ra7 26.Rd6 Rac7 27.h4 Kg7 28.Kg2 Re8
29.Bxc6 Re2 30.b4 Rxc2 31.Be4 Rc4 32.f3 a5 33.bxa5 R4xc5 34.a6 Rc3 35.Rb6 Rxa3
36.Rb7 Rf7 37.Bd5 Rxa6 38.Bxf7 Kf6 39.Bb3 h6 40.Rxb5 Rd6 41.Kg3 g5 42.hxg5+ hxg5
43.Bc2 Rc6 44.Rf5+ Kg7 45.Rxg5+ Kh6 46.Be4 Rf6 47.Ra5 Rb6 48.Kg4  1-0

[Event "Open"]
[Site "Andorra AND"]
[Date "2001.07.08"]
[Round "9"]
[White "Nordenbaek,J"]
[Black "Mellado Trivino,J"]
[Result "0-1"]
[WhiteElo "2253"]
[BlackElo "2460"]

1.e4 d5 2.exd5 Qxd5 3.Nc3 Qd6 4.Bc4 Nf6 5.h3 a6 6.a4 Qc6 7.Bf1 Bf5 8.d3 e5
9.Be2 Bb4 10.Bd2 Qd6 11.Bf3 Nc6 12.Nge2 O-O-O 13.g4 e4 14.Ng3 exf3 15.Nxf5 Qe5+
16.Kf1 h5 17.Qxf3 hxg4 18.hxg4 Nxg4 19.Kg2 Rh2+ 20.Rxh2 Qxh2+ 21.Kf1 Nce5
22.Qg2 Qh5 23.Ng3 Nh2+ 24.Ke1 Nhf3+ 25.Kd1 Qg4 26.Kc1 Nxd2 27.Kxd2 Nf3+  0-1

[Event "Open"]
[Site "Hyeres FRA"]
[Date "2001.07.10"]
[Round "6"]
[White "Delchev,A"]
[Black "Sulava,N"]
[Result "1/2-1/2"]
[WhiteElo "2629"]
[BlackElo "2531"]

1.e4 d5 2.exd5 Qxd5 3.Nc3 Qd6 4.d4 Nf6 5.Nf3 a6 6.g3 Bg4 7.Bg2 Nc6 8.h3 Bh5
9.O-O O-O-O 10.Bf4 Qb4 11.a3 Qxb2 12.Na4 Bxf3 13.Qxf3 Qxd4 14.Qb3 Na5 15.Qb4 Qxb4
16.axb4 e5 17.Bxe5 Nc4 18.Bxf6 gxf6 19.Rfe1 c6 20.Re4 Nd6 21.Rf4 f5 22.Nb6+ Kc7
23.Nc4 Bh6 24.Nxd6 Bxf4 25.Nxf7 Bd2 26.Nxh8 Rxh8 27.Rb1 Rd8 28.Bf1 f4 29.Rb3 fxg3
30.fxg3 Rd4 31.c4 b5 32.Rd3 Bxb4 33.Rxd4 Bc5 34.Kg2 Bxd4 35.cxb5 cxb5 36.Kf3 Kb6
37.g4 h6 38.Ke2 Kc5 39.h4 Bf6 40.g5 hxg5 41.hxg5 Bh8 42.Kd3 Kb4 43.Kc2 a5
44.Kb1 a4 45.Kc2 Kc5 46.Be2 b4 47.Bd1  1/2-1/2

[Event "Milan Vidmar Mem"]
[Site "Portoroz SLO"]
[Date "2001.07.11"]
[Round "9"]
[White "Pavasovic,D"]
[Black "Sermek,D"]
[Result "1/2-1/2"]
[WhiteElo "2539"]
[BlackElo "2570"]

1.e4 d5 2.exd5 Qxd5 3.Nc3 Qd6 4.d4 Nf6 5.Nf3 a6 6.g3 b5 7.Bg2 Bb7 8.O-O e6
9.Bf4 Qb6 10.Ne5 Bxg2 11.Kxg2 Qb7+ 12.Qf3 Qxf3+ 13.Kxf3 Bb4 14.a4 Bxc3 15.bxc3 bxa4
16.Rxa4 Nd5 17.c4 Nxf4 18.Kxf4 f6 19.Nd3 Nc6 20.d5 exd5 21.cxd5 Ne7 22.c4 Kf7
23.Rfa1 Rhd8 24.Rxa6 Rxa6 25.Rxa6 c6 26.Ra7 cxd5 27.c5 Ke6 28.Nb4 Rc8 29.Na6 g5+
30.Ke3 h5 31.Nc7+  1/2-1/2

[Event "Trofeo Intel Pentium"]
[Site "Milan ITA"]
[Date "2001.07.14"]
[Round "5"]
[White "Bellia,F"]
[Black "Valenti,G"]
[Result "1-0"]
[WhiteElo "2401"]
[BlackElo "2201"]

1.e4 d5 2.exd5 Qxd5 3.Nc3 Qd6 4.d4 Nf6 5.Nf3 a6 6.a3 Nc6 7.d5 Ne5 8.Be2 g6
9.O-O Bg7 10.Nxe5 Qxe5 11.Bf3 O-O 12.g3 Qd6 13.Bf4 Qd8 14.Qe2 Bh3 15.Rfe1 Re8
16.Rad1 Qd7 17.Qc4 Rac8 18.Rd2 Bg4 19.Bh1 h6 20.Bg2 Bh3 21.Bh1 Bg4 22.Qb4 g5
23.Be3 b6 24.Qc4 b5 25.Qb4 e6 26.Qa5 exd5 27.Nxd5 Nxd5 28.Bxd5 c6 29.Bg2 Qe6
30.c3 Ra8 31.Qb6 Rec8 32.f3 Bf5 33.Bf2 Qg6 34.Red1 Be5 35.Qc5 Re8 36.Re1 Bg7
37.Rd6 Rxe1+ 38.Bxe1 Be6 39.Qxc6 Rc8 40.Qe4 Qxe4 41.fxe4 a5 42.Rb6 Bc4 43.Ra6 Rd8
44.Bf3 a4 45.Rc6 Bf8 46.Kf2 Rd6 47.Rc8 Kg7 48.Kg2 Be7 49.e5 Rd3 50.Be2 Re3
51.Bxc4 bxc4 52.Kf2 Rxe5 53.Rxc4 Rb5 54.Rxa4 Rxb2+ 55.Kf3 Rb3 56.g4 Rxa3
57.Rxa3 Bxa3 58.Ke4 Kg6 59.c4 Bf8 60.Bc3 Bd6 61.h3 h5 62.Bd4 hxg4 63.hxg4 f6
64.Kd5  1-0

[Event "Open"]
[Site "Gent BEL"]
[Date "2001.07.15"]
[Round "4"]
[White "Doggers,P"]
[Black "Gofshtein,Z"]
[Result "0-1"]
[WhiteElo "2192"]
[BlackElo "2518"]

1.e4 d5 2.exd5 Qxd5 3.Nc3 Qd6 4.d4 Nf6 5.Nf3 a6 6.g3 Bg4 7.Bg2 Nc6 8.Bf4 Qb4
9.O-O O-O-O 10.Ne2 Bxf3 11.Bxf3 Nxd4 12.Nxd4 Rxd4 13.Qe2 Rxf4 14.gxf4 Qxf4
15.Qe3 Qxe3 16.fxe3 e6 17.Rad1 Bd6 18.Rd3 Nd7 19.b4 Ne5 20.Rd4 f5 21.a3 b5
22.Be2 g5 23.Ra1 Nc6 24.Rdd1 Kb7 25.c4 bxc4 26.Bxc4 Nd8 27.Rab1 Re8 28.Kg2 Nf7
29.h3 h5 30.Be2 g4 31.hxg4 hxg4 32.Rd2 Re7 33.Rh1 Ng5 34.Rh5 Ne4 35.Rc2 Nf6
36.Rh6 Nd5 37.Kf2 g3+ 38.Kf3 e5 39.e4 g2 40.Rc1 Nf4 41.Bc4 fxe4+ 42.Kxe4 Rg7
43.Rg1 Rg3 44.a4 Ra3 45.Bd5+ Nxd5 46.Kxd5 Rxa4 47.Rh4 a5 48.Rxg2 axb4 49.Rg8 Ra5+
50.Kc4 Kc6 51.Rg6 Ra3  0-1

[Event "3rd Open"]
[Site "Patras GRE"]
[Date "2001.07.20"]
[Round "3"]
[White "Hadzimanolis,A"]
[Black "Halkias,S"]
[Result "0-1"]
[WhiteElo "2281"]
[BlackElo "2505"]

1.e4 d5 2.exd5 Qxd5 3.Nc3 Qd6 4.d4 Nf6 5.Nf3 a6 6.Bd3 Bg4 7.h3 Bh5 8.Ne4 Nxe4
9.Bxe4 Nc6 10.c3 e6 11.O-O Be7 12.Qb3 Rb8 13.Re1 Bxf3 14.Bxf3 O-O 15.g3 Qd7
16.d5 exd5 17.Qxd5 Qxh3 18.Qc4 Qd7 19.Bg4 Qd8 20.Kg2 Bd6 21.Qd5 h6 22.Qf5 Re8
23.Rxe8+ Qxe8 24.Bd2 Ne5 25.Re1 Qc6+ 26.Kh3 g6 27.Qf6 Nxg4 28.Kxg4 Qd7+ 29.Kf3 Bf8
30.Bf4 Qd5+ 31.Re4 Bg7 32.Qe7 Kh7 33.c4 Qd3+ 34.Be3 Rd8 35.Qxc7 Rd7 36.Qb6 f5
37.Re6 Qxc4 38.Kg2 g5 39.Rd6 Qe4+ 40.Kh2 Rxd6 41.Qxd6 Bxb2 42.Qd7+ Bg7 43.Bd4 Qxd4
44.Qxf5+ Kh8 45.Qc8+ Kh7 46.Qf5+ Kg8 47.Qc8+ Bf8  0-1

[Event "Open"]
[Site "Novosibirsk RUS"]
[Date "2001.07.23"]
[Round "5"]
[White "Nebolsina,V"]
[Black "Yakimov,S"]
[Result "0-1"]
[WhiteElo "2048"]
[BlackElo "2265"]

1.e4 d5 2.exd5 Qxd5 3.Nc3 Qd6 4.d4 Nf6 5.Bc4 a6 6.Nf3 b5 7.Bb3 Bb7 8.O-O c5
9.dxc5 Qxd1 10.Rxd1 e6 11.a4 b4 12.Ne2 Nbd7 13.c6 Bxc6 14.Ned4 Bd5 15.a5 Rc8
16.Ba4 Bd6 17.Ne1 O-O 18.Nd3 h6 19.Nf4 Nc5 20.Nxd5 Nxd5 21.Bc6 Ne7 22.Bf3 Be5
23.Be3 Nd5 24.Bxd5 exd5 25.Nf5 Bf6 26.Bd4 Rc7 27.Nxh6+ Kh7 28.Bxf6 gxf6 29.Nf5 Ne6
30.Rd2 Rfc8 31.Rc1 Rc5 32.Ne7 Rd8 33.Rcd1 d4 34.g4 Re8 35.Nf5 Rg8 36.Nxd4 Rxg4+
37.Kh1 Rxa5 38.Nxe6 fxe6 39.Rd7+ Kg6 40.h3 Rf4 41.Rg1+ Kf5 42.Kg2 Rc5 43.Rc1 Rfc4
44.Rd2 a5 45.b3 Rc3 46.Ra1 e5 47.Ra2 Kg5 48.f3 Kf4 49.Rf2 f5 50.Rb2 Rc8  0-1

[Event "COQ Open"]
[Site "Quebec CAN"]
[Date "2001.07.28"]
[Round "9"]
[White "Oral,T"]
[Black "Schleifer,M"]
[Result "1-0"]
[WhiteElo "2540"]
[BlackElo "2369"]

1.e4 d5 2.exd5 Qxd5 3.Nc3 Qd6 4.d4 Nf6 5.Bc4 g6 6.Nf3 Bg7 7.O-O O-O 8.h3 a6
9.a4 c5 10.dxc5 Qxc5 11.Qe2 Nc6 12.Rd1 Bf5 13.Be3 Qb4 14.Bb3 Rad8 15.Rxd8 Rxd8
16.Rd1 Rxd1+ 17.Qxd1 h6 18.Qd2 Ne4 19.Nxe4 Bxe4 20.Bxh6 Qxd2 21.Nxd2 Bxc2
22.Bxg7 Bxb3 23.Nxb3 Kxg7 24.Nc5 Na5 25.f4 Kf6 26.Kf2 g5 27.Kf3 gxf4 28.Kxf4 e6
29.h4 Nc4 30.b3 Nd6 31.g4 a5 32.Ne4+ Nxe4 33.Kxe4 b6 34.Kd4 Kg6 35.Ke5 Kg7
36.h5 Kh6 37.Kf6  1-0

[Event "Keres Mem Open"]
[Site "Tallinn EST"]
[Date "2001.07.28"]
[Round "6"]
[White "Yemelin,V"]
[Black "Keskel,M"]
[Result "1-0"]
[WhiteElo "2507"]
[BlackElo "2067"]

1.e4 d5 2.exd5 Qxd5 3.Nc3 Qd6 4.d4 Nf6 5.Nf3 a6 6.Ne5 Nc6 7.Nxc6 Qxc6 8.Be2 Qxg2
9.Bf3 Qh3 10.Bf4 c6 11.Rg1 h5 12.d5 Bg4 13.Rg3 Bxf3 14.Qxf3 Qd7 15.O-O-O Nxd5
16.Rxd5 cxd5 17.Nxd5 Rc8 18.Nb6 Qc6 19.Nxc8 Qxc8 20.Qe4 Qc6 21.Qxc6+ bxc6
22.Rb3 Kd7 23.Rb7+ Ke6 24.Rb6 Kd5 25.Rxa6 e5 26.Be3 f5 27.Ra8 g6 28.a4 Bg7
29.Rxh8 Bxh8 30.a5 Kd6 31.Bb6 Kd7 32.b4 g5 33.a6 Kc8 34.Bd8 g4 35.c4 e4 36.b5 Bd4
37.b6 Bxf2 38.b7+ Kb8 39.Be7 Bb6 40.Bd6+ Bc7 41.a7+ Kxa7 42.Bxc7 Kxb7 43.Bg3 Kb6
44.Kc2 Kc5 45.Kc3 h4 46.Bxh4 f4 47.Bg5 f3 48.Be3+ Kd6 49.Kd4  1-0

[Event "MTO"]
[Site "Biel SUI"]
[Date "2001.07.30"]
[Round "7"]
[White "Masserey,Y"]
[Black "Vuckovic,Bo"]
[Result "1-0"]
[WhiteElo "2374"]
[BlackElo "2497"]

1.e4 d5 2.exd5 Qxd5 3.Nc3 Qd6 4.d4 Nf6 5.Bc4 a6 6.Bb3 Nc6 7.Nge2 Bg4 8.f3 Bf5
9.Bf4 Qd7 10.a3 Na5 11.Ba2 e6 12.d5 exd5 13.Nxd5 Nxd5 14.Qxd5 Qxd5 15.Bxd5 c6
16.O-O-O cxd5 17.Rxd5 Nb3+ 18.cxb3 Rc8+ 19.Kd2 Be6 20.Rd3 Be7 21.Nd4 Bf6
22.Nxe6 fxe6 23.Re1 Rc6 24.Be5 Ke7 25.Rc3 Rd8+ 26.Kc2 Rdc8 27.Re4 b5 28.Bxf6+ Kxf6
29.a4 e5 30.Rb4 Rxc3+ 31.bxc3 Rc5 32.c4 bxa4 33.Rxa4 Rc6 34.Kc3 Kf5 35.Ra5 g5
36.Rd5 h5 37.b4 g4 38.c5 gxf3 39.gxf3 Rg6 40.Rd8 Kf4 41.Rf8+ Ke3 42.h4 Rg1
43.Kc4 e4 44.fxe4 Kxe4 45.Re8+ Kf5 46.c6 Kf6 47.Kc5  1-0

[Event "Valoz Cup"]
[Site "Olomouc CZE"]
[Date "2001.08.07"]
[Round "9"]
[White "Pedersen,NV"]
[Black "Sergeev,Vl"]
[Result "1/2-1/2"]
[WhiteElo "2382"]
[BlackElo "2498"]

1.e4 d5 2.exd5 Qxd5 3.Nc3 Qd6 4.d4 Nf6 5.Nf3 c6 6.Ne5 Be6 7.Bf4 Qb4 8.a3 Qa5
9.b4 Qd8 10.Qf3 g6 11.Be2 Bg7 12.O-O O-O 13.Rfd1 Nd5 14.Nxd5 cxd5 15.c4 f6
16.Ng4 Bxg4 17.Qxg4 f5 18.Qf3 Nc6 19.Qe3 e5 20.Bxe5 f4 21.Qf3 Nxe5 22.dxe5 Bxe5
23.Rac1 Qe7 24.Rxd5 Rad8 25.Rcd1 b6 26.c5 bxc5 27.bxc5 Rxd5 28.Qxd5+ Kg7
29.Bf3 Bc7 30.Qd4+ Kh6 31.Qc3 Rf5 32.Rc1 Re5 33.Qb4 Re6 34.Qd2 Qf6 35.Qb4 a5
36.Qc4 Re7 37.Rd1 Qe5 38.a4 Qf6 39.Qc2 Qe5 40.Qc4 Qf6 41.Qc1 Qe5 42.Kf1 Qf6
43.g4 Kg7 44.Kg2 h6 45.Qb1 Be5 46.Qb6 Bc7 47.Qb5 Qe5 48.Qc6 Qf6 49.Qb5 Qe5
50.Rd7 Kf8 51.Rxe7 Kxe7 52.Qc6 g5 53.Be4 Bd8 54.Bg6 Kf8 55.Be4 Qf6 56.Qd5 Ke7
57.Bf5 Kf8 58.Bd3 Be7 59.c6 Qd6 60.Qf5+ Ke8 61.Bb5 Kd8 62.Qd7+ Qxd7 63.cxd7 Bc5
64.Kf3 Ke7 65.Ke2 Bb6 66.f3 Kd6 67.Kd3  1/2-1/2

[Event "12th Sueder Summer"]
[Site "Recklinghausen GER"]
[Date "2001.08.08"]
[Round "5"]
[White "Berelovich,A"]
[Black "Bakhmatov,E"]
[Result "1-0"]
[WhiteElo "2513"]
[BlackElo "2276"]

1.e4 d5 2.exd5 Qxd5 3.Nc3 Qd6 4.d4 Nf6 5.Nf3 a6 6.Be2 Nc6 7.a3 e6 8.Bg5 Be7
9.Qd2 O-O 10.O-O b5 11.Rad1 Bb7 12.Bxf6 Bxf6 13.Ne4 Qd8 14.Qf4 Be7 15.Ne5 Bd6
16.Nc5 f6 17.Nxb7  1-0

[Event "FSGM August"]
[Site "Budapest HUN"]
[Date "2001.08.10"]
[Round "7"]
[White "Arnold,L"]
[Black "Varga,Zo"]
[Result "1/2-1/2"]
[WhiteElo "2408"]
[BlackElo "2518"]

1.e4 d5 2.exd5 Qxd5 3.Nc3 Qd6 4.d4 Nf6 5.Nf3 a6 6.Be2 Nc6 7.Bg5 Bf5 8.Qd2 O-O-O
9.O-O-O Ne4 10.Nxe4 Bxe4 11.c3 Qe6 12.Qe3 h6 13.Bf4 f5 14.b3 g5 15.Bc4 Qg6
16.Be5 f4 17.Qe2 Bxf3 18.gxf3 Nxe5  1/2-1/2

[Event "7th Stage Russian Cup"]
[Site "Togliatty RUS"]
[Date "2001.08.10"]
[Round "3"]
[White "Kurnosov,I"]
[Black "Ovetchkin,R"]
[Result "1-0"]
[WhiteElo "2361"]
[BlackElo "2511"]

1.e4 d5 2.exd5 Qxd5 3.Nc3 Qd6 4.d4 Nf6 5.Nf3 a6 6.Bc4 Bg4 7.h3 Bxf3 8.Qxf3 Nc6
9.Be3 e6 10.O-O-O O-O-O 11.a3 Qd7 12.Qe2 b5 13.Ba2 Ne7 14.Bg5 c6 15.Qf3 Ned5
16.Bxd5 cxd5 17.Bxf6 gxf6 18.Qxf6 Kb7 19.Kb1 Rg8 20.Qf3 Rc8 21.Ne2 Bd6 22.Nc1 Rc4
23.Nb3 Qc7 24.Na5+ Qxa5 25.Qxf7+ Rc7 26.Qxg8 Qa4 27.Rd2 Bxa3 28.bxa3 Qxa3
29.Rd3 Qb4+ 30.Rb3 Qc4 31.Rb2 a5 32.Qe8 b4 33.Qa4 Kb6 34.Qb3 Qb5 35.Re1 Qc6
36.Qe3 Ka7 37.Qxe6 Qc4 38.Qe2 Qc3  1-0

[Event "Nordic Championships"]
[Site "Bergen NOR"]
[Date "2001.08.11"]
[Round "8"]
[White "Salmensuu,O"]
[Black "Kogan,A"]
[Result "0-1"]
[WhiteElo "2431"]
[BlackElo "2517"]

1.e4 d5 2.exd5 Qxd5 3.Nc3 Qd8 4.d4 Nf6 5.Bf4 c6 6.Qd2 Bf5 7.Nf3 e6 8.a3 Nbd7
9.Be2 Be7 10.h3 O-O 11.O-O b5 12.d5 cxd5 13.Nd4 Ne4 14.Nxe4 Bxe4 15.Nc6 Qe8
16.Bxb5 a6 17.Nxe7+ Qxe7 18.Be2 Qf6 19.c4 Nc5 20.Qe3 d4 21.Qg3 d3 22.Bd1 Nd7
23.Ra2 e5 24.Be3 Qc6 25.b3 f5 26.f4 Rae8 27.fxe5 Nxe5 28.Bf4 Nd7 29.Qf2 Re6
30.Bh5 a5 31.Rc1 Nc5 32.Bd1 Rg6 33.Qf1 Rd8 34.Rd2 Ne6 35.Be3 f4 36.Ba7 Qb7
37.Bf2 Bxg2  0-1

[Event "Strange Badger"]
[Site "Bucharest ROM"]
[Date "2001.08.12"]
[Round "8"]
[White "Murariu,A"]
[Black "Mateuta,G"]
[Result "1/2-1/2"]
[WhiteElo "2287"]
[BlackElo "2418"]

1.e4 d5 2.exd5 Qxd5 3.Nc3 Qd8 4.d4 Nf6 5.Bc4 c6 6.Nf3 Bf5 7.Ne5 e6 8.g4 Bg6
9.h4 Nbd7 10.Qe2 Bb4 11.f3 Nb6 12.h5 Bxc2 13.Nxf7 Qxd4 14.Qxe6+ Kf8 15.Ne5 Qxc4
16.Nxc4 Re8 17.Qxe8+ Kxe8 18.Nxb6 Bxc3+ 19.bxc3 axb6 20.Kf2 b5 21.Be3 Rf8
22.Kg3 Nd5 23.Bd4 Kf7 24.f4 Ra8 25.a3 Ra4 26.Rhc1 Bd3 27.Ra2 Bc4 28.Raa1 Bd3
29.Rd1 Be4 30.Re1 Bc2 31.Re2 Bd3 32.Rd2 Bc4 33.f5 h6 34.Kf3 Bb3 35.Rb2 Bc4
36.Rd2 Bb3 37.Rg2 c5 38.Be5 Nf6 39.Rgg1 Bd5+ 40.Kg3 Nxg4 41.Rae1 Nf6 42.Bxf6 Kxf6
43.Re3 Rxa3 44.Rd1 Bf7 45.Kf4 Ra4+ 46.Re4 Rxe4+ 47.Kxe4 Bxh5 48.Rd6+ Kg5
49.Ke5 b4 50.cxb4 cxb4 51.Rd7 b5 52.Rxg7+ Kh4 53.Rg2 Bf7 54.Kf6 Bc4 55.Kg6 h5
56.f6 b3 57.f7 Bxf7+ 58.Kxf7 Kh3 59.Rb2 h4 60.Kf6 Kg4 61.Ke5 h3 62.Ke4 Kg3
63.Rxb3+ Kg2 64.Rb2+ Kg3 65.Rb3+ Kg2 66.Kf4 h2 67.Rb2+ Kh3 68.Rb3+ Kg2 69.Rb2+ Kh3
70.Rxb5 h1=Q 71.Rh5+ Kg2 72.Rxh1 Kxh1  1/2-1/2

[Event "I American Continental"]
[Site "Cali COL"]
[Date "2001.08.13"]
[Round "4"]
[White "Contreras,H"]
[Black "Araque,R"]
[Result "1-0"]
[WhiteElo "2263"]
[BlackElo "2388"]

1.e4 d5 2.exd5 Qxd5 3.Nc3 Qd6 4.d4 Nf6 5.Nf3 a6 6.a4 Nc6 7.h3 Bf5 8.Bd3 Bxd3
9.Qxd3 O-O-O 10.Be3 h6 11.O-O g5 12.Rfd1 e6 13.Nd2 Be7 14.Ne2 Nd5 15.c3 Nxe3
16.Qxe3 f5 17.b4 Bf6 18.b5 Na5 19.c4 Bxd4 20.Nxd4 Qxd4 21.Qxe6+ Qd7 22.Qf6 Rhf8
23.Qc3 b6 24.Qf3 Kb8 25.Nb3 g4 26.hxg4 fxg4 27.Qe2 Rde8 28.Qa2 Qe6 29.Nxa5 bxa5
30.Rab1 g3 31.bxa6+ Ka7 32.fxg3 Qe3+ 33.Kh2 Rf5 34.Rd5 Rxd5 35.cxd5 Re5 36.g4 Qf4+
37.Kh1 Qxg4 38.Qf2+ Kxa6 39.Qf6+  1-0

[Event "I American Continental"]
[Site "Cali COL"]
[Date "2001.08.14"]
[Round "5"]
[White "Ricaurte Lopez,J"]
[Black "Morejon,E"]
[Result "1-0"]
[WhiteElo "2353"]
[BlackElo "2173"]

1.e4 d5 2.exd5 Qxd5 3.Nc3 Qd6 4.Nf3 Nf6 5.h3 a6 6.Bc4 b5 7.Bb3 c5 8.d3 Bb7
9.O-O e6 10.a4 b4 11.Ne2 Bxf3 12.gxf3 Nbd7 13.Bf4 Qc6 14.Kg2 h5 15.a5 Bd6
16.Ba4 Qc7 17.Qd2 Nd5 18.Bxd6 Qxd6 19.c4 Ne7 20.d4 Nf5 21.Rfd1 Nh4+ 22.Kf1 Nxf3
23.Qe3 Nh2+ 24.Kg2 Qc7 25.Qg3 Qb7+ 26.Kxh2 Kf8  1-0

[Event "Open"]
[Site "Presov SVK"]
[Date "2001.08.14"]
[Round "4"]
[White "Van Wissen,M"]
[Black "Del Rio Angelis,S"]
[Result "1-0"]
[WhiteElo "2232"]
[BlackElo "2484"]

1.e4 d5 2.exd5 Qxd5 3.Nc3 Qd8 4.d4 Nf6 5.Bc4 c6 6.Nf3 Bf5 7.Ne5 e6 8.g4 Bg6
9.h4 Bb4 10.f3 Nd5 11.Bxd5 cxd5 12.Qe2 Bxc3+ 13.bxc3 Qc8 14.h5 Qxc3+ 15.Kf2 Qxa1
16.Qb5+ Nc6 17.Nxc6 O-O 18.Ne7+ Kh8 19.hxg6 h6 20.Qb4 Rae8 21.Kg2  1-0

[Event "I American Continental"]
[Site "Cali COL"]
[Date "2001.08.15"]
[Round "6"]
[White "Gonzalez,Se"]
[Black "Araque,R"]
[Result "1-0"]
[WhiteElo "2274"]
[BlackElo "2388"]

1.e4 d5 2.exd5 Qxd5 3.Nc3 Qd6 4.d4 Nf6 5.Nf3 a6 6.Be3 b5 7.Qd2 Bb7 8.O-O-O e6
9.Kb1 Nbd7 10.Bf4 Qb6 11.Ne5 Rd8 12.Bd3 c5 13.dxc5 Bxc5 14.Qe2 Bd4 15.Nxd7 Rxd7
16.Ne4 Bxe4 17.Bxe4 Bxf2 18.Rxd7 Nxd7 19.Rd1 Bc5 20.Qg4 g6 21.Qf3 e5 22.Bg5 Be7
23.Bh6 Bf8 24.Bxf8 Nxf8 25.Bc6+ Ke7 26.Qd5 Qc7 27.Qf3 b4 28.g4 f6 29.g5 f5
30.Ba4 h6 31.Qa8 hxg5 32.a3 bxa3 33.Rd3 axb2 34.Rb3 Qc5 35.Qe8+ Kf6 36.Rb7 Qg1+
37.Kxb2 Nd7 38.Qxh8+  1-0

[Event "I American Continental"]
[Site "Cali COL"]
[Date "2001.08.16"]
[Round "7"]
[White "Echavarria,J"]
[Black "Guevara Sanchez,E"]
[Result "1-0"]
[WhiteElo "2372"]
[BlackElo "2196"]

1.e4 d5 2.exd5 Qxd5 3.Nc3 Qd6 4.d4 a6 5.Bc4 Nf6 6.Nge2 Qc6 7.Qd3 Qxg2 8.Ng3 b5
9.Bb3 Bb7 10.Be3 Qf3 11.Rg1 Nbd7 12.d5 Ng4 13.Nce4 Nge5 14.Qc3 O-O-O 15.Ng5 Qg4
16.h3 Qh4 17.f4 h6 18.fxe5 hxg5 19.O-O-O Kb8 20.Nf5 Qxh3 21.Nd4 Re8 22.Nc6+ Kc8
23.Na7+ Kb8 24.Nc6+ Kc8 25.Na7+ Kb8 26.Nc6+ Kc8 27.Na5 Ba8 28.Rd3 Qh2 29.e6 f6
30.exd7+ Kxd7 31.a4 Rh3 32.Rgd1 Rb8 33.axb5 axb5 34.Qd4 g6 35.Qa7 Rc8 36.Qa6 Rb8
37.Qe6+  1-0

[Event "TCh-ESP Div 2"]
[Site "Vila Real ESP"]
[Date "2001.08.16"]
[Round "4"]
[White "Soto Perez,S"]
[Black "Lopez Martinez,J"]
[Result "0-1"]
[WhiteElo "2302"]
[BlackElo "2448"]

1.e4 d5 2.exd5 Qxd5 3.Nc3 Qd8 4.g3 g6 5.Bg2 Bg7 6.Nge2 Nh6 7.O-O Nf5 8.d4 O-O
9.Bf4 Nc6 10.Nb5 a6 11.Nxc7 e5 12.Bxe5 Nxe5 13.Nxa8 Nc6 14.d5 Ne5 15.d6 Nxd6
16.Nf4 Bg4 17.Qd5 Ndc4 18.Qxb7 Nd2 19.h3 Bf3 20.Bxf3 Nexf3+ 21.Kg2 Qxa8 22.Qxa8 Rxa8
23.Rad1 Bxb2 24.Rb1 Be5 25.Rb4 Rc8 26.c4 Bxf4 27.gxf4 Nh4+ 28.Kg1 Rxc4  0-1

[Event "I American Continental"]
[Site "Cali COL"]
[Date "2001.08.17"]
[Round "8"]
[White "Estrada Nieto,J"]
[Black "Leyva,H"]
[Result "1/2-1/2"]
[WhiteElo "2348"]
[BlackElo "2428"]

1.e4 d5 2.exd5 Qxd5 3.Nc3 Qd8 4.d4 g6 5.Bc4 Bg7 6.Nf3 Nh6 7.Bf4 Nf5 8.Ne2 O-O
9.O-O c5 10.dxc5 Qa5 11.c3 Qxc5 12.Qd5 Qb6 13.Qb5 Qxb5 14.Bxb5 a6 15.Bc4 Nc6
16.Ng3 e5 17.Nxf5 Bxf5 18.Be3 b5 19.Bd5 Rac8 20.Rfd1 Na5 21.b4 Nc6 22.Bc5 Rfe8
23.Ng5 Nd8 24.a4 h6 25.Ne4 Bxe4 26.Bxe4 Bf8 27.axb5 axb5 28.Ra5 Bxc5 29.bxc5 Ne6
30.c6 Red8 31.Rxd8+ Rxd8 32.h4 Nc7 33.Ra7 Rc8 34.Rb7 h5 35.f3 Kg7 36.g4 hxg4
37.fxg4 Kf6 38.Kf2 Ke6 39.h5 Kd6 40.hxg6 fxg6 41.Bxg6 Rg8 42.Bf5 Kxc6 43.Be4+ Nd5
44.Bxd5+ Kxd5 45.Rxb5+ Kc4 46.Rxe5  1/2-1/2

[Event "Open"]
[Site "Presov SVK"]
[Date "2001.08.17"]
[Round "7"]
[White "Kotan,L"]
[Black "Hasangatin,R"]
[Result "0-1"]
[WhiteElo "2347"]
[BlackElo "2482"]

1.e4 d5 2.exd5 Qxd5 3.Nc3 Qd6 4.Bc4 Nf6 5.d3 a6 6.Nge2 b5 7.Bb3 Bb7 8.f3 c5
9.Be3 Nbd7 10.Ng3 e6 11.Qe2 Be7 12.a4 Qc6 13.O-O O-O 14.Bg5 h6 15.Bf4 Rfe8
16.Rfe1 Nb6 17.a5 c4 18.dxc4 Nxc4 19.Bxc4 bxc4 20.Kh1 Rac8 21.Be3 Red8 22.Bb6 Rd7
23.Red1 Rxd1+ 24.Rxd1 Bb4 25.Nge4 Nd7 26.Na2 Be7 27.Bd4 Nf8 28.Bc3 Qa4 29.Nc1 Bd5
30.Qf2 Ng6 31.Qd4 f6 32.Qd2 Qc6 33.Ne2 Rd8 34.Qe3 Qc7 35.Ra1 Rb8 36.Bd4 e5
37.Bb6 Qc6 38.N2c3 Be6 39.Rd1 f5 40.Nd2 Rc8 41.Ndb1 Bg5 42.Qe1 Kh7 43.Nd2 h5
44.Nf1 h4 45.h3 Rb8 46.Qf2 Rc8 47.Ne3 Rf8 48.Ned5 Rf7 49.Be3 Bf6 50.f4 Bxd5
51.Nxd5 exf4 52.Nxf4 Nxf4 53.Qxf4 Qe4 54.Qxe4 fxe4 55.c3 Rb7 56.Bb6 Kg6 57.Rd5 Re7
58.Be3 Re5 59.Rd4 Rxa5 60.Rxe4 Ra1+ 61.Kh2 Re1 62.Rg4+ Kf5 63.Bd4 Bg5 64.Bf2 Re2
65.Bxh4 Bf4+ 66.Bg3 g5  0-1